000 00363nam a22001217a 4500
999 _c3177
_d3177
005 20201117152755.0
008 201117b ||||| |||| 00| 0 eng d
020 _a0748716998
040 _cCML
245 _aQuality Improvement Through Standards.
_cDale B.G.
260 _aEngland
_bStanley Thornes
_c1991
942 _2ddc
_cBK
_e2nd Edition
_h389
_mDAL